| 000 | 00793cam9a220024100 4500 | ||
|---|---|---|---|
| 001 | lce00584617 | ||
| 008 | 831010s1966 nyua b 000 0 eng | ||
| 010 | _a 66020391 //r83 | ||
| 035 | _a(Sirsi) r94075 | ||
| 035 | _a(DLC) 66020391 //r83 | ||
| 035 | _a(UPRA)lce00584617 | ||
| 040 |
_aDLC/ICU _cICU |
||
| 050 | 0 |
_aQD945 _b.F52 |
|
| 082 | 0 | _a548.842 | |
| 100 | 1 |
_aFitzgerald, Edwin R. _6A52826.1 |
|
| 245 | 1 | 0 |
_aParticle waves and deformation in crystalline solids _c[by] Edwin R. Fitzgerald. |
| 260 |
_aNew York, _bInterscience Publishers _c[1966] |
||
| 504 | _aIncludes bibliographical references. | ||
| 650 | 0 |
_aDislocations in crystals. _6S7775.1 |
|
| 949 |
_aQD945 _wlcc _i-132411 _mMAIN _tBOOK _lON-SHELF |
||
| 949 |
_aQD945 _wlcc _i-132412 _mMAIN _tBOOK _lON-SHELF |
||
| 004 | 94075 | ||
| 999 |
_c132581 _d132581 |
||